Welcome to WEB OPAC of MRSPTU Central Library

Instrumental methods of chemical analysis (Record no. 7090)

MARC details
000 -LEADER
fixed length control field 00457nam a2200181Ia 4500
008 - FIXED-LENGTH DATA ELEMENTS--GENERAL INFORMATION
fixed length control field 230711s9999||||xx |||||||||||||| ||und||
020 ## - INTERNATIONAL STANDARD BOOK NUMBER
International Standard Book Number 978-93-5142-088-0
041 ## - LANGUAGE CODE
Language code of text/sound track or separate title ENG
082 ## - DEWEY DECIMAL CLASSIFICATION NUMBER
Classification number 543.8
Item number CH-C
100 ## - MAIN ENTRY--PERSONAL NAME
Personal name Chatwal,Gurdeep R
245 #0 - TITLE STATEMENT
Title Instrumental methods of chemical analysis
250 ## - EDITION STATEMENT
Edition statement 5th Ed.
260 ## - PUBLICATION, DISTRIBUTION, ETC.
Date of publication, distribution, etc. 2017
Place of publication, distribution, etc. Mumbai
Name of publisher, distributor, etc. Himalaya Publishing House
300 ## - PHYSICAL DESCRIPTION
Extent 2.780p.
650 ## - SUBJECT ADDED ENTRY--TOPICAL TERM
Topical term or geographic name entry element Pharmacy
700 ## - ADDED ENTRY--PERSONAL NAME
Personal name Anand,Sham K
942 ## - ADDED ENTRY ELEMENTS (KOHA)
Koha item type Book
Holdings
Withdrawn status Lost status Damaged status Not for loan Collection Home library Current library Date acquired Source of acquisition Cost, normal purchase price Inventory number Total checkouts Full call number Barcode Date last seen Date last checked out Price effective from Koha item type
          MRSPTU Central Library MRSPTU Central Library   Krishna Book Distributors 515.00 KBD/2016-2017-962242808 2 543.8 CH-C P71 02/14/2024 09/27/2023 08/17/2023 Book
          MRSPTU Central Library MRSPTU Central Library   Krishna Book Distributors 515.00 KBD/2016-2017-962242808   543.8 CH-C P72 08/17/2023   08/17/2023 Book
          MRSPTU Central Library MRSPTU Central Library   Krishna Book Distributors 515.00 KBD/2016-2017-962242808   543.8 CH-C P73 08/17/2023   08/17/2023 Book
          MRSPTU Central Library MRSPTU Central Library   Krishna Book Distributors 515.00 KBD/2016-2017-962242808 6 543.8 CH-C P74 06/11/2024 12/04/2023 08/17/2023 Book
          MRSPTU Central Library MRSPTU Central Library   Krishna Book Distributors 515.00 KBD/2016-2017-962242808 2 543.8 CH-C P75 10/01/2024 09/05/2024 08/17/2023 Book
          MRSPTU Central Library MRSPTU Central Library   Krishna Book Distributors 515.00 KBD/2016-2017-962242808 7 543.8 CH-C P76 10/10/2024 09/19/2024 08/17/2023 Book
          MRSPTU Central Library MRSPTU Central Library   Krishna Book Distributors 515.00 KBD/2016-2017-962242808 8 543.8 CH-C P77 12/16/2025 11/19/2025 08/17/2023 Book
          MRSPTU Central Library MRSPTU Central Library   Krishna Book Distributors 515.00 KBD/2016-2017-962242808 6 543.8 CH-C P78 12/24/2025 12/19/2025 08/17/2023 Book
          MRSPTU Central Library MRSPTU Central Library   Krishna Book Distributors 515.00 KBD/2016-2017-962242808 6 543.8 CH-C P79 01/02/2024 12/01/2023 08/17/2023 Book
          MRSPTU Central Library MRSPTU Central Library   Krishna Book Distributors 515.00 KBD/2016-2017-962242808 4 543.8 CH-C P80 12/24/2025 11/19/2025 08/17/2023 Book

Website Designed and Developed by MRSPTU Central Library Team

E-mail Id: librarian@mrsptu.ac.in